Možnosti a limity masové kastomizace
Pojem masová kastomizácia (mass customization) používaný pre označenie rôznych spôsobov zacielenia na zákazníka. Výroba na objednávku ako varianta masovej kastomizácie. Kastomizácia - prispôsobenie štandardnej ponuky zákazníkovi. Masová kastomizácia využívaná najmä veľkými výrobcami ako nástroj na z...
Gespeichert in:
| 1. Verfasser: | |
|---|---|
| Format: | Buchkapitel |
| Sprache: | Tschechisch |
| Schlagworte: | |
| Tags: |
Keine Tags, Fügen Sie das erste Tag hinzu!
|
MARC
| LEADER | 00000naa$a2200000$$$4500 | ||
|---|---|---|---|
| 001 | 0022505 | ||
| 005 | 20231113114547.0 | ||
| 041 | 0 | |a cze | |
| 044 | |a CZ | ||
| 245 | 1 | 0 | |a Možnosti a limity masové kastomizace |c Alena Klapalová |
| 520 | |a Pojem masová kastomizácia (mass customization) používaný pre označenie rôznych spôsobov zacielenia na zákazníka. Výroba na objednávku ako varianta masovej kastomizácie. Kastomizácia - prispôsobenie štandardnej ponuky zákazníkovi. Masová kastomizácia využívaná najmä veľkými výrobcami ako nástroj na zvýšenie konkurencieschopnosti. Štyri predpoklady masovej kastomizácie. Prispôsobenie ponuky potrebám zákazníka a zvyšovanie zisku výrobcu. Znižovanie zásob a nákladov. Výroba na objednávku ako doplnok masovej výroby. Masová kastomizácia - prepracovaný podnikateľský model orientovaný na zákazníka. | ||
| 610 | 2 | 0 | |a riadenie podnikové |
| 610 | 2 | 0 | |a stratégia podniková |
| 610 | 2 | 0 | |a stratégia marketingová |
| 610 | 2 | 0 | |a výroba zákazková |
| 610 | 2 | 0 | |a firmy |
| 610 | 2 | 0 | |a zákazníci |
| 610 | 2 | 0 | |a objednávky |
| 100 | 1 | |a Klapalová, Alena | |